Statistics for 10 Biggest Cities in Croatia

Click here to take the quiz!

General Stats

  • This quiz has been taken 47 times
  • The average score is 7 of 10

Answer Stats

Population City % Correct
700 000Zagreb
100%
175 000Split
98%
140 000Rijeka
90%
70 000Zadar
83%
90 000Osijek
83%
60 000Pula
80%
50 000Karlovac
63%
40 000Varazdin
60%
60 000Slavonski Brod
55%
50 000Sesvete
5%

Score Distribution

Percentile by Number Answered

Percent of People with Each Score

Your Score History

You have not taken this quiz